000 00331 a2200157 4500
001 195488
020 _a85-250-4027-4
040 _cMagnum
100 _aGianella junior, Fulvio
240 1 0 _aMitologia
_lpor
245 1 0 _aMitologia
362 0 _a2005
440 1 _aGlobo
697 _aLITERATURA INFANTO-JUVENIL
942 _cBK
999 _c195488
_d195488